000 01260nam a2200301Ia 4500
001 ebr10063863
003 CaPaEBR
006 m u
007 cr cn|||||||||
008 041017s1999 dcua gsb 001 0 eng d
020 _z0815798938
040 _aCaPaEBR
_cCaPaEBR
035 _a(OCoLC)614697047
050 1 4 _aJK1764
_b.C5266 1999eb
245 0 0 _aCivic engagement in American democracy
_h[electronic resource] /
_cTheda Skocpol, Morris P. Fiorina, editors.
260 _aWashington, D.C. :
_bBrookings Institution Press ;
_aNew York :
_bRussell Sage Foundation,
_cc1999.
300 _aviii, 528 p. :
_bill.
504 _aIncludes bibliographical references and index.
533 _aElectronic reproduction.
_bPalo Alto, Calif. :
_cebrary,
_d2009.
_nAvailable via World Wide Web.
_nAccess may be limited to ebrary affiliated libraries.
650 0 _aPolitical participation
_zUnited States.
650 0 _aCivil society
_zUnited States.
650 0 _aDemocracy
_zUnited States.
655 7 _aElectronic books.
_2local
700 1 _aSkocpol, Theda.
700 1 _aFiorina, Morris P.
710 2 _aebrary, Inc.
856 4 0 _uhttp://site.ebrary.com/lib/rucke/Doc?id=10063863
_zAn electronic book accessible through the World Wide Web; click to view
999 _c47670
_d47670